Enfoques y categorías de la política económica (Fotocopia parcial)

שמור ב:
מידע ביבליוגרפי
מחבר ראשי: Lichtensztejn, Samuel
פורמט: Texto
יצא לאור: s.l.: s.e.
תגים: הוספת תג
אין תגיות, היה/י הראשונ/ה לתייג את הרשומה!

MARC

LEADER 00000 a a2200000 04500
001 23672
003
040
090 |a 165700  
100 |a Lichtensztejn, Samuel  
245 |a Enfoques y categorías de la política económica (Fotocopia parcial)  
260 |a s.l.:   |b s.e.  
300 |a pp. 15-49  
999 |c 14057  |d 14057